000 00449nam a2200181Ia 4500
005 20250603145049.0
008 250603s9999 xx 000 0 und d
020 _a9781856175586
050 _aTN 871.3 .S64/
100 _aSpeight, James G.
245 0 _aHandbook of offshore oil and gas operations
260 _aNew York
260 _bGulf Professional Publishing
260 _c2015
300 _a429 p
650 _aNew York
942 _cBK
999 _c40763
_d40763